[Event "CYCC U16 w"]
[Site "Quebec CAN"]
[Date "2008.07.15"]
[Round "3"]
[White "Kagramanov, Dalia"]
[Black "Mongenais, Catherine"]
[Result "1-0"]
[WhiteElo "1837"]
[BlackElo "1467"]
[PlyCount "103"]
[GameId "2160767910354303"]
[EventDate "2008.07.14"]
[EventType "tourn"]
[EventRounds "5"]
[EventCountry "CAN"]
[SourceTitle "EXT 2011"]
[Source "ChessBase"]
[SourceDate "2011.11.26"]
[SourceVersion "1"]
[SourceVersionDate "2011.11.26"]
[SourceQuality "1"]

1. e4 e5 2. Nf3 Nc6 3. Bc4 Nf6 4. Ng5 d5 5. exd5 Na5 6. Bb5+ Bd7 7. Bxd7+ Qxd7 8. O-O h6 9. Nf3 e4 10. Nd4 Bc5 11. Ne2 O-O 12. d4 Bb6 13. Nbc3 Rfe8 14. f3 exf3 15. Rxf3 Nxd5 16. Nxd5 Qxd5 17. c3 c5 18. Rg3 g5 19. h4 cxd4 20. cxd4 Re4 21. hxg5 Bxd4+ 22. Nxd4 Qxd4+ 23. Qxd4 Rxd4 24. gxh6+ Kf8 25. Be3 Rh4 26. Bc5+ Ke8 27. Rg8+ Kd7 28. Rxa8 Rxh6 29. Rxa7 Kc6 30. Rxa5 b6 31. Bxb6 Kxb6 32. Rf5 Rh7 33. Raf1 Rh8 34. Rxf7 Rc8 35. g4 Rc4 36. Rg7 Rc2 37. g5 Rxb2 38. g6 Rxa2 39. Rg8 Ra5 40. g7 Rg5+ 41. Kh2 Kc6 42. Rc8+ Kd6 43. g8=Q Rh5+ 44. Kg3 Re5 45. Rd1+ Ke7 46. Re8+ Kf6 47. Rxe5 Kxe5 48. Qe8+ Kf6 49. Rf1+ Kg7 50. Qe4 Kh8 51. Qg4 Kh7 52. Rh1# 1-0

[Event "CYCC U16 w"]
[Site "Quebec CAN"]
[Date "2008.07.15"]
[Round "4"]
[White "Mongenais, Catherine"]
[Black "Darbyson, Melissa"]
[Result "0-1"]
[WhiteElo "1467"]
[BlackElo "1623"]
[PlyCount "100"]
[GameId "2160767910354304"]
[EventDate "2008.07.14"]
[EventType "tourn"]
[EventRounds "5"]
[EventCountry "CAN"]
[SourceTitle "EXT 2011"]
[Source "ChessBase"]
[SourceDate "2011.11.26"]
[SourceVersion "1"]
[SourceVersionDate "2011.11.26"]
[SourceQuality "1"]

1. e4 e5 2. Nf3 Nc6 3. Bc4 Bc5 4. c3 Nf6 5. d4 exd4 6. cxd4 Bb4+ 7. Nc3 Nxe4 8. O-O Nxc3 9. bxc3 Be7 10. Qb3 O-O 11. Re1 Na5 12. Qb5 c6 13. Qe5 Bf6 14. Qe2 Nxc4 15. Qxc4 d5 16. Qe2 Bg4 17. h3 Bf5 18. Bf4 Re8 19. Ne5 Bxe5 20. Bxe5 f6 21. Qh5 Bg6 22. Bxf6 Qxf6 23. Qg4 Rxe1+ 24. Rxe1 Rf8 25. Qe6+ Qxe6 26. Rxe6 Re8 27. Rxe8+ Bxe8 28. g4 Kf7 29. f3 b6 30. Kf2 c5 31. dxc5 bxc5 32. Ke3 Bc6 33. f4 Kf6 34. a3 g5 35. f5 Ke5 36. Kd3 d4 37. cxd4+ cxd4 38. Kd2 Bg2 39. Kd3 Bxh3 40. f6 Kxf6 41. Kxd4 Bxg4 42. Kc5 h5 43. Kb5 h4 44. Ka6 h3 45. a4 h2 46. Kxa7 h1=Q 47. a5 Qc6 48. a6 Bc8 49. Kb8 Bxa6 50. Ka7 Qb7# 0-1

[Event "CYCC U16 w"]
[Site "Quebec CAN"]
[Date "2008.07.31"]
[Round "4"]
[White "Yang, Marguerite"]
[Black "Kagramanov, Dalia"]
[Result "0-1"]
[WhiteElo "1704"]
[BlackElo "1837"]
[PlyCount "120"]
[GameId "2160767910354305"]
[EventDate "2008.07.14"]
[EventType "tourn"]
[EventRounds "5"]
[EventCountry "CAN"]
[SourceTitle "EXT 2011"]
[Source "ChessBase"]
[SourceDate "2011.11.26"]
[SourceVersion "1"]
[SourceVersionDate "2011.11.26"]
[SourceQuality "1"]

1. d4 Nf6 2. c4 g6 3. Nc3 d5 4. f3 Bg7 5. e4 dxe4 6. fxe4 c5 7. d5 O-O 8. Nf3 Ng4 9. Be2 Ne5 10. O-O f5 11. Qc2 fxe4 12. Nxe4 Bf5 13. Nh4 Bxe4 14. Rxf8+ Qxf8 15. Qxe4 Nbd7 16. Bg5 Bf6 17. Rf1 Qd8 18. Bh6 Qb6 19. b3 Re8 20. Qf4 e6 21. Qg3 exd5 22. cxd5 Bxh4 23. Qxh4 c4+ 24. Qf2 cxb3 25. Qxb6 Nxb6 26. Bb5 Rc8 27. axb3 Nxd5 28. Bc4 Nxc4 29. bxc4 Nb6 30. Ra1 Nxc4 31. Rxa7 Rc7 32. Ra8+ Kf7 33. Rb8 Ke6 34. Bf4 Rf7 35. g3 Kd5 36. Rd8+ Kc5 37. Rc8+ Kb4 38. Rc7 Rxc7 39. Bxc7 b5 40. Bd8 Kc3 41. Bf6+ Kd3 42. Be7 Ke2 43. g4 Kf3 44. g5 Kg4 45. Kf2 Ne5 46. Ke3 Nf7 47. h4 Kxh4 48. Kf4 Kh5 49. Bf6 b4 50. Be7 b3 51. Bf6 Kh4 52. Ke3 Nxg5 53. Kd2 Kg4 54. Kc1 h5 55. Kb2 h4 56. Kxb3 Ne4 57. Be5 g5 58. Kc2 Kf3 59. Kd3 h3 60. Kc2 Ng3 0-1

[Event "CYCC U16 w"]
[Site "Quebec CAN"]
[Date "2008.07.16"]
[Round "5"]
[White "Darbyson, Melissa"]
[Black "Yang, Marguerite"]
[Result "1-0"]
[WhiteElo "1623"]
[BlackElo "1704"]
[PlyCount "116"]
[GameId "2160767910354306"]
[EventDate "2008.07.14"]
[EventType "tourn"]
[EventRounds "5"]
[EventCountry "CAN"]
[SourceTitle "EXT 2011"]
[Source "ChessBase"]
[SourceDate "2011.11.26"]
[SourceVersion "1"]
[SourceVersionDate "2011.11.26"]
[SourceQuality "1"]

1. e4 c5 2. Nf3 d6 3. d4 cxd4 4. Nxd4 Nf6 5. Nc3 g6 6. f3 Bg7 7. Be3 Nc6 8. Qd2 a6 9. Bc4 Ne5 10. Bb3 b5 11. Qe2 Qc7 12. Nd5 Nxd5 13. Bxd5 Bb7 14. Bxb7 Qxb7 15. c3 Nc4 16. Bf2 Rc8 17. O-O b4 18. Rac1 O-O 19. cxb4 Qxb4 20. a3 Qxb2 21. Rc2 Qxa3 22. Rxc4 Rxc4 23. Qxc4 a5 24. Rb1 Bxd4 25. Bxd4 e6 26. Kf1 Ra8 27. Ra1 d5 28. exd5 exd5 29. Qb5 Qd6 30. Rxa5 Rxa5 31. Qxa5 f5 32. Qa7 Qf8 33. Qd7 Qf7 34. Qd8+ Qf8 35. Qxd5+ Qf7 36. Qe5 Qc4+ 37. Kf2 Qc2+ 38. Kg3 Kf7 39. Qf6+ Ke8 40. Qg7 Qd3 41. Qh8+ Kd7 42. Qxh7+ Kc8 43. Be5 Qd7 44. Qxd7+ Kxd7 45. Kf4 Ke6 46. Kg5 Kf7 47. f4 Kf8 48. Kxg6 Kg8 49. h4 Kf8 50. h5 Ke7 51. h6 Ke6 52. h7 Kd5 53. h8=Q Ke4 54. Qh3 Kd5 55. Qd3+ Kc5 56. Qd4+ Kb5 57. Kf6 Kc6 58. Qc4+ Kd7 1-0

[Event "CYCC U16 w"]
[Site "Quebec CAN"]
[Date "2008.07.16"]
[Round "5"]
[White "Xiong, Sonja"]
[Black "Mongenais, Catherine"]
[Result "1-0"]
[WhiteElo "1889"]
[BlackElo "1467"]
[PlyCount "93"]
[GameId "2160767910354307"]
[EventDate "2008.07.14"]
[EventType "tourn"]
[EventRounds "5"]
[EventCountry "CAN"]
[SourceTitle "EXT 2011"]
[Source "ChessBase"]
[SourceDate "2011.11.26"]
[SourceVersion "1"]
[SourceVersionDate "2011.11.26"]
[SourceQuality "1"]

1. e4 e5 2. Nf3 Nc6 3. Bc4 Nf6 4. d3 d5 5. exd5 Nxd5 6. Bb5 Bd6 7. O-O Bd7 8. Re1 Qe7 9. c4 Nf6 10. Nc3 O-O 11. Bg5 h6 12. Nd5 Qd8 13. Nxf6+ gxf6 14. Bxh6 Re8 15. Bxc6 Bxc6 16. Nxe5 Bd7 17. Nxd7 Qxd7 18. Qf3 Bf8 19. Bxf8 Kxf8 20. Qxf6 Kg8 21. Qf3 Re6 22. Qg4+ Kf8 23. Rxe6 Qxe6 24. Qxe6 fxe6 25. Re1 Kf7 26. f4 Rd8 27. Re3 Rd4 28. g3 a6 29. a4 c6 30. b3 b6 31. Kf2 b5 32. Ke2 Rd8 33. a5 Rh8 34. h4 b4 35. Kf3 Rd8 36. g4 Kf6 37. g5+ Kf5 38. h5 Rxd3 39. Rxd3 e5 40. fxe5 c5 41. h6 Kg6 42. e6 Kh7 43. e7 Kg6 44. e8=Q+ Kxg5 45. Rd6 Kf5 46. Qg6+ Ke5 47. Qe6# 1-0

[Event "CYCC U18"]
[Site "Quebec CAN"]
[Date "2008.07.14"]
[Round "1"]
[White "Balanaser, Morgan"]
[Black "McDonald, Justin"]
[Result "0-1"]
[WhiteElo "1449"]
[BlackElo "2043"]
[PlyCount "36"]
[GameId "2160767910354308"]
[EventDate "2008.07.14"]
[EventType "tourn"]
[EventRounds "5"]
[EventCountry "CAN"]
[SourceTitle "EXT 2011"]
[Source "ChessBase"]
[SourceDate "2011.11.26"]
[SourceVersion "1"]
[SourceVersionDate "2011.11.26"]
[SourceQuality "1"]

1. d4 Nf6 2. Nc3 d6 3. e4 g6 4. f4 Bg7 5. Nf3 O-O 6. Bd3 c5 7. e5 Nfd7 8. Qe2 cxd4 9. Nxd4 dxe5 10. fxe5 Nxe5 11. h4 Nxd3+ 12. cxd3 Qxd4 13. Be3 Qb4 14. O-O-O Bg4 15. Qd2 Bxd1 16. Bh6 Bxh6 17. Qxh6 Bh5 18. Re1 Rc8 0-1

[Event "CYCC U18"]
[Site "Quebec CAN"]
[Date "2008.07.14"]
[Round "1"]
[White "Ye, Ling Feng"]
[Black "Perelman, Leon"]
[Result "1-0"]
[WhiteElo "2202"]
[BlackElo "1906"]
[PlyCount "97"]
[GameId "2160767910354309"]
[EventDate "2008.07.14"]
[EventType "tourn"]
[EventRounds "5"]
[EventCountry "CAN"]
[SourceTitle "EXT 2011"]
[Source "ChessBase"]
[SourceDate "2011.11.26"]
[SourceVersion "1"]
[SourceVersionDate "2011.11.26"]
[SourceQuality "1"]

1. e4 c5 2. Nf3 d6 3. d4 cxd4 4. Nxd4 Nf6 5. Nc3 g6 6. Be3 Bg7 7. f3 Nc6 8. Qd2 O-O 9. O-O-O Bd7 10. g4 Rc8 11. h4 Ne5 12. h5 Qa5 13. Kb1 Nxf3 14. Nxf3 Rxc3 15. Qxc3 Qxc3 16. bxc3 Bxg4 17. Bg2 Nxe4 18. Rd3 Nxc3+ 19. Kb2 Nd1+ 20. Kb1 Nc3+ 21. Kb2 Nd1+ 22. Ka3 Nb2 23. Rb3 Nc4+ 24. Kb4 d5 25. Bxa7 b6 26. hxg6 hxg6 27. Ng5 e6 28. Rg3 Bf5 29. Bf1 Rc8 30. Bxc4 Rxc4+ 31. Kb5 Bxc2 32. Bxb6 Ba4+ 33. Ka6 Be8 34. a3 Bc6 35. Ba5 Be5 36. Rb3 d4 37. Rf1 f6 38. Nxe6 Bd5 39. Nf4 Rc6+ 40. Kb5 Rd6 41. Nxd5 Rxd5+ 42. Kb6 Kf7 43. Bb4 g5 44. a4 Ke6 45. a5 Kd7 46. Rc1 d3 47. Rd1 Bc7+ 48. Ka6 Ke6 49. Rbxd3 1-0

[Event "CYCC U18"]
[Site "Quebec CAN"]
[Date "2008.07.14"]
[Round "2"]
[White "McDonald, Justin"]
[Black "Ye, Ling Feng"]
[Result "0-1"]
[WhiteElo "2043"]
[BlackElo "2226"]
[PlyCount "62"]
[GameId "2160767910354310"]
[EventDate "2008.07.14"]
[EventType "tourn"]
[EventRounds "5"]
[EventCountry "CAN"]
[SourceTitle "EXT 2011"]
[Source "ChessBase"]
[SourceDate "2011.11.26"]
[SourceVersion "1"]
[SourceVersionDate "2011.11.26"]
[SourceQuality "1"]

1. e4 c5 2. f4 d6 3. Nc3 Nc6 4. Nf3 Nf6 5. Bc4 e6 6. Qe2 a6 7. a4 Be7 8. e5 dxe5 9. fxe5 Nd5 10. Qe4 Nb6 11. Ba2 Bd7 12. Qg4 g6 13. d3 Qc7 14. Bf4 Nd4 15. O-O h5 16. Qg3 Nxc2 17. Bg5 Bc6 18. Bxe7 Qxe7 19. Ng5 h4 20. Qf4 Nxa1 21. Nce4 Bxe4 22. Nxe4 O-O-O 23. Nd6+ Kb8 24. Qxf7 Qxf7 25. Rxf7 Rd7 26. Rf2 Nd5 27. Ne4 b6 28. a5 Kc7 29. axb6+ Kxb6 30. Bxd5 Rxd5 31. Nc3 Rxe5 0-1

[Event "CYCC U18"]
[Site "Quebec CAN"]
[Date "2008.07.14"]
[Round "2"]
[White "Perelman, Leon"]
[Black "Balanaser, Morgan"]
[Result "1-0"]
[WhiteElo "1906"]
[BlackElo "1449"]
[PlyCount "43"]
[GameId "2160767910354311"]
[EventDate "2008.07.14"]
[EventType "tourn"]
[EventRounds "5"]
[EventCountry "CAN"]
[SourceTitle "EXT 2011"]
[Source "ChessBase"]
[SourceDate "2011.11.26"]
[SourceVersion "1"]
[SourceVersionDate "2011.11.26"]
[SourceQuality "1"]

1. e4 e5 2. Bc4 Nf6 3. d3 Bc5 4. Nc3 Nc6 5. f4 d6 6. f5 g6 7. fxg6 fxg6 8. h4 Nh5 9. Nf3 Ng3 10. Bg5 Qd7 11. Nd5 Qg7 12. Bf6 Qh6 13. Bg5 Qg7 14. Qd2 Rf8 15. Bh6 Qf7 16. Bxf8 Kxf8 17. O-O-O Nxh1 18. Rxh1 Be6 19. Ng5 Qd7 20. Rf1+ Kg7 21. Nxe6+ Qxe6 22. Nxc7 1-0

[Event "CYCC U18"]
[Site "Quebec CAN"]
[Date "2008.07.15"]
[Round "3"]
[White "Perelman, Leon"]
[Black "McDonald, Justin"]
[Result "1/2-1/2"]
[WhiteElo "1906"]
[BlackElo "2043"]
[PlyCount "48"]
[GameId "2160767910354312"]
[EventDate "2008.07.14"]
[EventType "tourn"]
[EventRounds "5"]
[EventCountry "CAN"]
[SourceTitle "EXT 2011"]
[Source "ChessBase"]
[SourceDate "2011.11.26"]
[SourceVersion "1"]
[SourceVersionDate "2011.11.26"]
[SourceQuality "1"]

1. Nf3 Nf6 2. g3 c5 3. Bg2 Nc6 4. O-O g6 5. c4 Bg7 6. Nc3 O-O 7. d4 cxd4 8. Nxd4 Nxd4 9. Qxd4 d6 10. Qd3 Nd7 11. b3 Nc5 12. Qd2 Bd7 13. Bb2 Bc6 14. Nd5 Bxd5 15. Bxd5 Bxb2 16. Qxb2 e6 17. Bg2 Qc7 18. Rfd1 a5 19. Rd4 Ra6 20. Rad1 Rd8 21. Qd2 f5 22. e4 fxe4 23. Bxe4 Nxe4 24. Rxe4 Qd7 1/2-1/2

[Event "CYCC U18"]
[Site "Quebec CAN"]
[Date "2008.07.15"]
[Round "3"]
[White "Ye, Ling Feng"]
[Black "Balanaser, Morgan"]
[Result "1-0"]
[WhiteElo "2226"]
[BlackElo "1449"]
[PlyCount "63"]
[GameId "2160767910354313"]
[EventDate "2008.07.14"]
[EventType "tourn"]
[EventRounds "5"]
[EventCountry "CAN"]
[SourceTitle "EXT 2011"]
[Source "ChessBase"]
[SourceDate "2011.11.26"]
[SourceVersion "1"]
[SourceVersionDate "2011.11.26"]
[SourceQuality "1"]

1. e4 e5 2. Nf3 Nf6 3. Nxe5 d6 4. Nf3 Nxe4 5. d4 d5 6. Bd3 Bd6 7. O-O O-O 8. c4 c6 9. Qc2 Re8 10. Nc3 Bg4 11. Nxe4 dxe4 12. Bxe4 Bxf3 13. Bxf3 Qh4 14. g3 Qxd4 15. Be3 Qf6 16. Be4 Kh8 17. Rad1 Na6 18. Bd4 Be5 19. Bxe5 Qxe5 20. Bf3 Rad8 21. a3 Nc5 22. b4 Ne6 23. Rfe1 Qf6 24. Bg4 Nd4 25. Rxe8+ Rxe8 26. Qd3 Rd8 27. Qe4 g6 28. Rd3 h5 29. Bh3 g5 30. Bg2 Qf5 31. Qxf5 Nxf5 32. Rxd8+ 1-0

[Event "CYCC U18"]
[Site "Quebec CAN"]
[Date "2008.07.15"]
[Round "4"]
[White "Xu, Haizhou"]
[Black "Perelman, Leon"]
[Result "1-0"]
[WhiteElo "1609"]
[BlackElo "1906"]
[PlyCount "37"]
[GameId "2160767910354314"]
[EventDate "2008.07.14"]
[EventType "tourn"]
[EventRounds "5"]
[EventCountry "CAN"]
[SourceTitle "EXT 2011"]
[Source "ChessBase"]
[SourceDate "2011.11.26"]
[SourceVersion "1"]
[SourceVersionDate "2011.11.26"]
[SourceQuality "1"]

1. e4 c5 2. Nf3 d6 3. d4 cxd4 4. Nxd4 Nf6 5. Nc3 g6 6. Be3 Bg7 7. f3 Nc6 8. Qd2 O-O 9. Bc4 Bd7 10. Nde2 Ne5 11. Bb3 Rc8 12. Bh6 b5 13. h4 a5 14. h5 Bxh6 15. Qxh6 Rxc3 16. Nxc3 a4 17. hxg6 axb3 18. Nd5 Qa5+ 19. c3 1-0

[Event "CYCC U18"]
[Site "Quebec CAN"]
[Date "2008.07.16"]
[Round "5"]
[White "McDonald, Justin"]
[Black "Xu, Haizhou"]
[Result "0-1"]
[WhiteElo "2043"]
[BlackElo "1609"]
[PlyCount "72"]
[GameId "2160767910354315"]
[EventDate "2008.07.14"]
[EventType "tourn"]
[EventRounds "5"]
[EventCountry "CAN"]
[SourceTitle "EXT 2011"]
[Source "ChessBase"]
[SourceDate "2011.11.26"]
[SourceVersion "1"]
[SourceVersionDate "2011.11.26"]
[SourceQuality "1"]

1. e4 c5 2. f4 d6 3. Nf3 g6 4. c3 Nf6 5. e5 Nd5 6. d4 cxd4 7. Qxd4 dxe5 8. Bb5+ Nc6 9. Nxe5 Qd6 10. c4 Ndb4 11. Bxc6+ bxc6 12. Qc3 Bf5 13. Na3 Bg7 14. O-O Nd3 15. c5 Bxe5 16. fxe5 Qxe5 17. Qxe5 Nxe5 18. b3 f6 19. Be3 Kf7 20. Rad1 Rhd8 21. Bd4 Nd3 22. Rxf5 gxf5 23. Rxd3 e5 24. Rh3 exd4 25. Nc4 Ke6 26. Nd6 Rd7 27. Rd3 Kd5 28. b4 Rad8 29. Nxf5 Ke4 30. Rf3 d3 31. Ng3+ Ke5 32. Rf1 Kd4 33. Nf5+ Kc3 34. a3 d2 35. Rd1 Re8 36. Kf2 Kc2 0-1

[Event "CYCC U18"]
[Site "Quebec CAN"]
[Date "2008.07.16"]
[Round "6"]
[White "Xu, Haizhou"]
[Black "Ye, Ling Feng"]
[Result "0-1"]
[WhiteElo "1609"]
[BlackElo "2202"]
[PlyCount "32"]
[GameId "2160767910354316"]
[EventDate "2008.07.14"]
[EventType "tourn"]
[EventRounds "5"]
[EventCountry "CAN"]
[SourceTitle "EXT 2011"]
[Source "ChessBase"]
[SourceDate "2011.11.26"]
[SourceVersion "1"]
[SourceVersionDate "2011.11.26"]
[SourceQuality "1"]

1. e4 c5 2. Nf3 d6 3. d4 cxd4 4. Nxd4 Nf6 5. Nc3 a6 6. Bg5 e6 7. f4 Qc7 8. Qf3 b5 9. Bxf6 gxf6 10. f5 b4 11. fxe6 bxc3 12. Qxf6 cxb2 13. Rb1 Qc3+ 14. Kd1 Bxe6 15. Be2 Nc6 16. Qxh8 Nxd4 0-1

[Event "CYCC U18 playoff"]
[Site "Quebec CAN"]
[Date "2008.07.16"]
[Round "1"]
[White "Xu, Haizhou"]
[Black "Ye, Ling Feng"]
[Result "1/2-1/2"]
[WhiteElo "1609"]
[BlackElo "2226"]
[PlyCount "40"]
[GameId "2160767910353793"]
[EventDate "2008.07.17"]
[EventType "match"]
[EventRounds "1"]
[EventCountry "CAN"]

1. e4 c5 2. Nf3 d6 3. d4 cxd4 4. Nxd4 Nf6 5. Nc3 a6 6. Bg5 e6 7. f4 Qc7 8. Qf3 b5 9. Bxf6 gxf6 10. e5 Bb7 11. Qh5 b4 12. Nxe6 Qc8 13. Bb5+ axb5 14. Nxb5 Qxc2 15. Nbc7+ Kd7 16. Qxf7+ Be7 17. exf6 Qe4+ 18. Kd1 Qd3+ 19. Ke1 Qe3+ 20. Kd1 Qd3+ 1/2-1/2

[Event "CYCC U18 w"]
[Site "Quebec CAN"]
[Date "2008.07.14"]
[Round "1"]
[White "Nadeau, Gabrielle"]
[Black "Du, Jasmine"]
[Result "1-0"]
[WhiteElo "1804"]
[BlackElo "1791"]
[PlyCount "117"]
[GameId "2160767910354317"]
[EventDate "2008.07.14"]
[EventType "match"]
[EventRounds "6"]
[EventCountry "CAN"]
[SourceTitle "EXT 2011"]
[Source "ChessBase"]
[SourceDate "2011.11.26"]
[SourceVersion "1"]
[SourceVersionDate "2011.11.26"]
[SourceQuality "1"]

1. d4 Nf6 2. c4 e6 3. Nc3 Bb4 4. Qc2 Nc6 5. Nf3 b6 6. a3 Bxc3+ 7. Qxc3 a5 8. Bg5 h6 9. Bh4 Bb7 10. e3 d6 11. Bd3 Rc8 12. b4 Ra8 13. O-O Ne7 14. d5 e5 15. Nd2 g5 16. Bg3 Rf8 17. f4 Nh5 18. fxe5 Nxg3 19. hxg3 dxe5 20. Qxe5 Qd6 21. Qxd6 cxd6 22. b5 Kd7 23. Rf2 Ng6 24. Raf1 Ne5 25. Be2 Rae8 26. Rf6 Rh8 27. Bh5 Re7 28. Bxf7 Rh7 29. Be6+ Kc7 30. e4 Rh8 31. Kf2 Bc8 32. Bxc8 Rxc8 33. Ke2 Rh8 34. R1f5 Rhh7 35. Rf8 Kb7 36. Ke3 Kc7 37. Kd4 Rhg7 38. Nf3 Nd7 39. g4 Nxf8 40. Rxf8 Rgf7 41. Rxf7 Rxf7 42. Ke3 Rf4 43. Nh2 Kd7 44. g3 Rf8 45. Nf3 Ke7 46. a4 Kf6 47. Nd4 Kg6 48. Nf5 Rd8 49. Kd4 Kf6 50. Nxd6 Rh8 51. e5+ Ke7 52. Nf5+ Ke8 53. d6 Kd7 54. Kd5 h5 55. e6+ Kd8 56. Kc6 h4 57. e7+ Ke8 58. d7+ Kf7 59. d8=Q 1-0

[Event "CYCC U18 w"]
[Site "Quebec CAN"]
[Date "2008.07.14"]
[Round "2"]
[White "Du, Jasmine"]
[Black "Nadeau, Gabrielle"]
[Result "1-0"]
[WhiteElo "1791"]
[BlackElo "1804"]
[PlyCount "103"]
[GameId "2160767910354318"]
[EventDate "2008.07.14"]
[EventType "match"]
[EventRounds "6"]
[EventCountry "CAN"]
[SourceTitle "EXT 2011"]
[Source "ChessBase"]
[SourceDate "2011.11.26"]
[SourceVersion "1"]
[SourceVersionDate "2011.11.26"]
[SourceQuality "1"]

1. d4 d5 2. c4 e6 3. Nc3 Nf6 4. Nf3 dxc4 5. e3 c5 6. Bxc4 Nc6 7. O-O a6 8. b3 b5 9. Be2 Bb7 10. Bb2 cxd4 11. exd4 Bb4 12. Rc1 O-O 13. Bd3 Qe7 14. Ne4 Nd7 15. Qe2 h6 16. Rfd1 Rfd8 17. Bb1 Nb6 18. Nc5 Nd5 19. Nxb7 Qxb7 20. Qc2 Rac8 21. Qh7+ Kf8 22. Nh4 Ke7 23. Ng6+ Kd6 24. Ne5 f6 25. Nxc6 Rxc6 26. Rxc6+ Kxc6 27. Be4 Kb6 28. Bf3 Qf7 29. Qc2 Bd6 30. Rc1 Qc7 31. Qxc7+ Bxc7 32. Re1 Nf4 33. Bc1 Nd3 34. Rxe6+ Rd6 35. Rxd6+ Bxd6 36. Bd2 Nb4 37. Bxb4 Bxb4 38. Kf1 Bc3 39. d5 Be5 40. h4 Kc5 41. Ke2 b4 42. Kd3 a5 43. Be4 g5 44. h5 Bd6 45. g4 Be5 46. Bg2 Kd6 47. f3 Bf4 48. Ke4 Ke7 49. Bf1 Bd6 50. Kf5 Kf7 51. Bc4 Ke7 52. Kg6 1-0

[Event "CYCC U18 w"]
[Site "Quebec CAN"]
[Date "2008.07.15"]
[Round "3"]
[White "Nadeau, Gabrielle"]
[Black "Du, Jasmine"]
[Result "1-0"]
[WhiteElo "1804"]
[BlackElo "1791"]
[PlyCount "113"]
[GameId "2160767910354319"]
[EventDate "2008.07.14"]
[EventType "match"]
[EventRounds "6"]
[EventCountry "CAN"]
[SourceTitle "EXT 2011"]
[Source "ChessBase"]
[SourceDate "2011.11.26"]
[SourceVersion "1"]
[SourceVersionDate "2011.11.26"]
[SourceQuality "1"]

1. d4 d5 2. c4 c6 3. Nc3 h6 4. Nf3 Nf6 5. e3 e6 6. Qc2 Be7 7. a3 Nbd7 8. Be2 O-O 9. O-O Qc7 10. Bd2 Rd8 11. cxd5 exd5 12. Rac1 a6 13. Na2 Nf8 14. Bb4 Ng6 15. Bxe7 Qxe7 16. Bd3 Nf8 17. Nc3 Be6 18. Ne2 Rac8 19. b4 N8d7 20. Qb2 Ne4 21. Nd2 Ndf6 22. Nb3 Rb8 23. Rc2 Bc8 24. Rfc1 Rd6 25. a4 Nxf2 26. Kxf2 Ng4+ 27. Ke1 Qxe3 28. Rc3 Rf6 29. Bh7+ Kxh7 30. Rxe3 Nxe3 31. Kd2 Nc4+ 32. Rxc4 dxc4 33. Qc2+ Bf5 34. Qxc4 Re8 35. Nc5 Bg4 36. Qd3+ Kh8 37. Ng3 Rf2+ 38. Kc3 Re1 39. Nb3 Rxg2 40. b5 axb5 41. axb5 cxb5 42. d5 Bd7 43. Qf3 Rxh2 44. Qxf7 Re3+ 45. Kb4 Rh4+ 46. Kc5 Rxg3 47. Qxd7 Rc3+ 48. Kb6 Rb4 49. Nc5 Rg3 50. Qe8+ Kh7 51. d6 Rg6 52. Ne6 Rf4 53. Nf8+ Rxf8 54. Qxf8 Re6 55. Qf5+ Rg6 56. Kxb5 h5 57. d7 1-0

[Event "CYCC U18 w"]
[Site "Quebec CAN"]
[Date "2008.07.15"]
[Round "4"]
[White "Du, Jasmine"]
[Black "Nadeau, Gabrielle"]
[Result "1/2-1/2"]
[WhiteElo "1791"]
[BlackElo "1804"]
[PlyCount "144"]
[GameId "2160767910354320"]
[EventDate "2008.07.14"]
[EventType "match"]
[EventRounds "6"]
[EventCountry "CAN"]
[SourceTitle "EXT 2011"]
[Source "ChessBase"]
[SourceDate "2011.11.26"]
[SourceVersion "1"]
[SourceVersionDate "2011.11.26"]
[SourceQuality "1"]

1. d4 d5 2. c4 e6 3. Nf3 Nf6 4. e3 Nbd7 5. Nc3 c6 6. Qc2 Be7 7. Bd3 O-O 8. O-O dxc4 9. Bxc4 Nd5 10. a3 N7f6 11. Bd3 h6 12. Ne2 Bd7 13. Ng3 Rc8 14. b4 b6 15. e4 Nc7 16. Bb2 Na8 17. Qd2 c5 18. Ba6 Rb8 19. Bd3 cxd4 20. Nxd4 Rc8 21. Rac1 Rxc1 22. Rxc1 Qb8 23. Nc6 Bxc6 24. Rxc6 Rc8 25. Be5 Qb7 26. Rxc8+ Qxc8 27. h3 Qd8 28. Qc2 Qd7 29. Ba6 Bd8 30. Bc8 Qe7 31. Qc6 Nc7 32. Bd6 Qe8 33. Qc1 Nb5 34. e5 Nd5 35. Ne4 Nd4 36. Qc4 Qc6 37. Qxc6 Nxc6 38. Bd7 Nd4 39. b5 Nc7 40. Nc3 Nf5 41. Kf1 Ne7 42. Ke1 Ned5 43. Nxd5 Nxd5 44. Bc6 f6 45. Bxd5 exd5 46. f4 Kf7 47. Bb8 fxe5 48. Bxe5 Be7 49. a4 g6 50. Bb8 Ke6 51. Bxa7 Bd8 52. Ke2 Kd6 53. Bb8+ Kc5 54. Kd3 Kb4 55. Kd4 Kxa4 56. Kxd5 Kxb5 57. Bd6 Ka4 58. g4 b5 59. f5 gxf5 60. gxf5 b4 61. Bxb4 Kxb4 62. Ke6 Kc5 63. f6 Bxf6 64. Kxf6 Kd6 65. h4 h5 66. Kg5 Ke6 67. Kxh5 Kf5 68. Kh6 Kf6 69. h5 Kf7 70. Kg5 Kg7 71. h6+ Kh8 72. Kg6 Kg8 1/2-1/2

[Event "CYCC U18 w"]
[Site "Quebec CAN"]
[Date "2008.07.16"]
[Round "5"]
[White "Nadeau, Gabrielle"]
[Black "Du, Jasmine"]
[Result "0-1"]
[WhiteElo "1804"]
[BlackElo "1791"]
[PlyCount "127"]
[GameId "2160767910354321"]
[EventDate "2008.07.14"]
[EventType "match"]
[EventRounds "6"]
[EventCountry "CAN"]
[SourceTitle "EXT 2011"]
[Source "ChessBase"]
[SourceDate "2011.11.26"]
[SourceVersion "1"]
[SourceVersionDate "2011.11.26"]
[SourceQuality "1"]

1. d4 d5 2. c4 c6 3. Nc3 h6 4. Bf4 e6 5. a3 Nf6 6. e3 Bd6 7. Bxd6 Qxd6 8. c5 Qc7 9. Nf3 Nbd7 10. Be2 O-O 11. O-O e5 12. b4 e4 13. Nd2 Re8 14. b5 Nf8 15. a4 Bd7 16. a5 Qd8 17. a6 b6 18. Nb3 Ne6 19. cxb6 Qxb6 20. Na4 Qc7 21. Rc1 Reb8 22. Nbc5 Nxc5 23. Nxc5 Be8 24. Nb7 Qb6 25. bxc6 Bxc6 26. Rb1 Qc7 27. Qc2 Qd7 28. Nc5 Qd6 29. Rxb8+ Rxb8 30. Rb1 Nd7 31. Nb7 Qf6 32. Rc1 Rc8 33. Bb5 Bxb7 34. Qd1 Rxc1 35. Qxc1 Bxa6 36. Bxd7 Bc4 37. Qa1 Qb6 38. h3 a5 39. Ba4 Qb4 40. Kh2 Bb5 41. Bxb5 Qxb5 42. Qc1 Qc4 43. Qb2 Qc7+ 44. g3 Qd7 45. Qb8+ Kh7 46. Qa8 a4 47. Kg2 Qb5 48. Qc8 Qc4 49. Qf8 Qc7 50. Qa8 Qc4 51. Qf8 f6 52. Qe7 Qa6 53. Qa3 Qb5 54. Qd6 Qb3 55. Qc7 Qc4 56. Qd6 Qc2 57. Qxd5 a3 58. Qf5+ Kh8 59. d5 a2 60. d6 a1=Q 61. d7 Qd3 62. Qb5 Qaf1+ 63. Kh2 Qxf2+ 64. Kh1 0-1